Meranie a analýza tenzora difúzie pomocou magnetickej rezonancie

Saved in:
Bibliographic Details
Main Author: Kodadová, Zuzana (Author)
Other Authors: Bačiak, Ladislav (Thesis advisor)
Format: Manuscript Book
Language:Slovak
Published: 2021
Subjects:
Online Access:http://is.stuba.sk/zp/portal_zp.pl?podrobnosti=157661
Tags: Add Tag
No Tags, Be the first to tag this record!

MARC

LEADER 00000ntm a22000003a 4500
001 stuzp84999
003 SK-STU
005 20210605211143.9
007 ta
008 150427s2015----xo-----f-mn---000-0-slo-d
040 |a STU  |b slo 
041 0 |a slo 
100 1 |a Kodadová, Zuzana  |u 040630  |4 aut  |U FCHPT Fakulta chemickej a potravinárskej technológie  |T FCHPT Centrálne laboratóriá FCHPT  |X 86715  |U C0630  |Y 687  |7 86715 
242 0 1 |a Measurement and Analysis of Diffusion Tensor by Magnetic Resonance Imaging  |y eng 
245 1 0 |a Meranie a analýza tenzora difúzie pomocou magnetickej rezonancie 
260 |c 2021 
650 4 |a magnetická rezonancia  |2 slo 
650 4 |a zobrazovanie tenzora difúzie  |2 slo 
650 4 |a poškodenie miechy  |2 slo 
650 4 |a spinal cord injury  |2 eng 
650 4 |a magnetic resonance imaging  |2 eng 
650 4 |a diffusion tensor imaging  |2 eng 
700 1 |a Bačiak, Ladislav  |u 040630  |k Z2  |4 ths  |U FCHPT Fakulta chemickej a potravinárskej technológie  |T FCHPT Centrálne laboratóriá FCHPT  |X 3968  |U C0630  |Y 687  |7 A000003968 
856 4 |u http://is.stuba.sk/zp/portal_zp.pl?podrobnosti=157661